=LDR 00000nam 2200000 4500 =001 INLIS000000000031664 =005 20130612133726 =008 ***********************************ind** =035 ##$$0010-061300000031664 =041 ##$$a ind =082 ##$$a 028.5 =090 ##$$a 028.5, Tur k =100 ##$$a Turyana, Asep T =245 ##$$a Kaum Baalbek, , Baalbek People =250 ##$$a Seri Teladan Nabi Ilyas As =260 ##$$a Epsilon Gruo $b Bandung =300 ##$$a 23 hlm., , Ilus., , 15 cm =650 ##$$a BACAAN ANAK-ANAK =700 ##$$a Sanjari, Anno D =850 ##$$a NBPNMAT